00730 2200253 4500001002100000005001500021035002500036245009600061250001100157260005300168300002800221007000300249008004100252040001700293082001200310084001600322650004800338850001200386041000800398700001600406700002200422700002400444990000800468YOGYA00000000005222020241113095837 a0010-081400000051938 aEncyclopedie Voor Ouders VI /cpenyunting, P. Anseeuw, W.J. Bladergroen, P. Daems-Van Ussel aEd. VI aAntwerpen :bUtrecht Uitgeverij De Sikkel,c1843 a248 hlm. :bilus. 21cm.ta131115s1843 xx a g dut d aYOPDYOGbind a649.103 a649.103 ENC aOrang tua dan anak--vEnsiklopedi dan kamus aYOPDYOG adut aAnseeuw, P. aBladergroen, W.J. aDaems-Van Ussel, P. a220